Southville International School and Colleges
Your cart is empty.
  • Cart
  • Lists
    Public lists Eva Luna New books Lux_list list_1
    Your lists Log in to create your own lists
  • Log in to your account
  • Your cookies
  • Search history
Southville International School and Colleges
  • Advanced search
  • Recent comments
  • Most popular
  • Libraries

Log in to your account

Log in with GOOGLE


If you do not have an external account, but do have a local account, you can still log in:

  1. Home
  2. MARC view: The golden books of 365 stories :
Normal view MARC view ISBD view

The golden books of 365 stories : (Record no. 110363)

[ view plain ]
MARC details
000 -LEADER
fixed length control field 00441nam a2200157 a 4500
001 - CONTROL NUMBER
control field 2716
005 - DATE AND TIME OF LATEST TRANSACTION
control field 20140414131854.0
008 - FIXED-LENGTH DATA ELEMENTS--GENERAL INFORMATION
fixed length control field 050927s19uu xx 00 eng d
020 ## - INTERNATIONAL STANDARD BOOK NUMBER
International Standard Book Number 0-307-15557-9
050 ## - LIBRARY OF CONGRESS CALL NUMBER
Classification number M 398.2
Item number J13 1955
100 ## - MAIN ENTRY--PERSONAL NAME
Personal name Kathryn Jackson
245 ## - TITLE STATEMENT
Title The golden books of 365 stories :
Remainder of title a story for every day of the year.
260 ## - PUBLICATION, DISTRIBUTION, ETC. (IMPRINT)
Place of publication, distribution, etc New York :
Name of publisher, distributor, etc A Golden Book, Western.
300 ## - PHYSICAL DESCRIPTION
Extent 236 p. ; cm.
Holdings
Withdrawn status Lost status Damaged status Home library Current library Shelving location Date acquired Source of acquisition Total Checkouts Full call number Barcode Date last seen Price effective from Koha item type
      Munich Library Munich Library Main Section 09/27/2005     M 398.2 J13 1955 M0754 04/14/2014 04/14/2014 Books

The golden books of 365 stories :

APA

Kathryn Jackson, .The golden books of 365 stories. New York: A Golden Book, Western.

Chicago

Kathryn Jackson, .The golden books of 365 stories. New York: A Golden Book, Western.

Harvard

Kathryn Jackson, .The golden books of 365 stories. New York: A Golden Book, Western.

MLA

Kathryn Jackson, .New York: A Golden Book, Western. .

  • Place hold
  • Print
  • Cite
  • Add to your cart (remove)
  • Save record
    BIBTEX Dublin Core MARCXML MARC (non-Unicode/MARC-8) MARC (Unicode/UTF-8) MARC (Unicode/UTF-8, Standard) MODS (XML) RIS
  • More searches
    Search for this title in:
    Other Libraries (WorldCat) Other Databases (Google Scholar) Online Stores (Bookfinder.com) Open Library (openlibrary.org)

Exporting to Dublin Core...

SOUTHVILLE LIBRARY

Southville International School and Colleges Library

1281 Tropical Ave. Cor. Luxembourg St., BF Homes International, Las Pinas City

Tel. No. 8256374 / 252358 Loc. 117/146

Powered by Koha